[Event "42. Torneo Capablanca In Memoriam-Open"]
[Site "La Habana CUB"]
[Date "2007.05.21"]
[Round "4.24"]
[White "Pazos Gambarrotti, Plinio"]
[Black "Ordaz Valdes, Lisandra"]
[Result "1/2-1/2"]
[WhiteElo "2375"]
[BlackElo "2222"]
[PlyCount "66"]
[EventDate "2007.05.18"]
[EventType "swiss"]
[EventRounds "9"]
[EventCountry "CUB"]
[Source "lmi"]
[SourceDate "2007.05.18"]

1. d4 d5 2. Nf3 Nf6 3. g3 c5 4. Bg2 e6 5. c4 cxd4 6. cxd5 Bb4+ 7. Bd2 Bxd2+ 8.
Qxd2 exd5 9. Nxd4 O-O 10. Nc3 Nc6 11. O-O Re8 12. h3 Ne4 13. Nxe4 dxe4 14. Rfd1
Qf6 15. Qe3 Bf5 16. Rac1 Nxd4 17. Rxd4 Rad8 18. Rcd1 Rxd4 19. Rxd4 Qe6 20. b3
h5 21. Qf4 Qe5 22. Qe3 b6 23. h4 g6 24. Kh2 Kg7 25. Bh3 Bxh3 26. Kxh3 Re7 27.
Kg2 Qe6 28. Rd8 Qe5 29. Rc8 Kh7 30. Qd2 Re8 31. Rxe8 Qxe8 32. Qd5 Qe7 33. a4 a5
1/2-1/2

[Event "42. Torneo Capablanca In Memoriam-Open"]
[Site "La Habana CUB"]
[Date "2007.05.21"]
[Round "4.26"]
[White "Miranda, Yerisbel"]
[Black "Leyva Proenza, Ricardo"]
[Result "0-1"]
[WhiteElo "2102"]
[BlackElo "2360"]
[PlyCount "64"]
[EventDate "2007.05.18"]
[EventType "swiss"]
[EventRounds "9"]
[EventCountry "CUB"]
[Source "lmi"]
[SourceDate "2007.05.18"]

1. d4 d5 2. c4 dxc4 3. Nc3 Nf6 4. e3 e6 5. Bxc4 c5 6. Nf3 a6 7. a4 Be7 8. O-O
cxd4 9. Nxd4 O-O 10. b3 Qa5 11. Bb2 Rd8 12. Qe2 e5 13. Nc2 e4 14. Rad1 Bg4 15.
Rxd8+ Bxd8 16. Qd2 Bc7 17. Bd5 Nc6 18. Bxc6 bxc6 19. f4 exf3 20. gxf3 Bh3 21.
Rd1 Rd8 22. Qe2 Rxd1+ 23. Nxd1 Qg5+ 24. Kh1 c5 25. Ne1 Bc8 26. Nd3 Nh5 27. e4
Be6 28. Qe3 Nf4 29. Ne1 h6 30. Nf2 Nh3 31. Ng4 Bf4 32. Qe2 h5 0-1

[Event "42. Torneo Capablanca In Memoriam-Open"]
[Site "La Habana CUB"]
[Date "2007.05.21"]
[Round "4.27"]
[White "Zambrana, Oswaldo"]
[Black "Guillen Ramirez, Jose Antonio"]
[Result "1/2-1/2"]
[WhiteElo "2495"]
[BlackElo "2246"]
[PlyCount "126"]
[EventDate "2007.05.18"]
[EventType "swiss"]
[EventRounds "9"]
[EventCountry "CUB"]
[Source "lmi"]
[SourceDate "2007.05.18"]

1. e4 c5 2. Nf3 Nc6 3. d4 cxd4 4. Nxd4 e5 5. Nb5 a6 6. Nd6+ Bxd6 7. Qxd6 Qf6 8.
Qxf6 Nxf6 9. Nc3 d5 10. exd5 Nb4 11. Bd3 Nxd3+ 12. cxd3 Bf5 13. O-O O-O-O 14.
Bg5 Bxd3 15. Rfd1 Bg6 16. Rac1 Kb8 17. f4 h6 18. Bxf6 gxf6 19. Kf2 Rd7 20. Re1
exf4 21. Rcd1 Kc7 22. Rd4 Rhd8 23. Rxf4 Rd6 24. Re3 b5 25. Re7+ R8d7 26. Rxd7+
Kxd7 27. Ke3 Kc7 28. Kd4 Kb6 29. Rh4 h5 30. Ne4 Bxe4 31. Kxe4 Rd8 32. Rxh5 Re8+
33. Kd3 Kc5 34. Rh6 Kxd5 35. Rxf6 Rg8 36. g3 Rh8 37. Rf2 f6 38. Kc3 Rc8+ 39.
Kd3 Rh8 40. Ke3 Ke5 41. Rc2 f5 42. Rc5+ Ke6 43. h4 Rg8 44. Kf3 Rd8 45. b3 Rd3+
46. Kf4 Rd4+ 47. Ke3 Rd6 48. h5 Kf6 49. h6 Kg6 50. h7 Kxh7 51. Rxf5 Rg6 52. Kf4
Rc6 53. Rf7+ Kg6 54. Ra7 Re6 55. Rd7 Kf6 56. Rd3 Kg6 57. Re3 Rc6 58. Re2 Rd6
59. Ke5 Rd3 60. Rc2 a5 61. g4 a4 62. Ke4 Rg3 63. Kf4 axb3 1/2-1/2

[Event "42. Torneo Capablanca In Memoriam-Open"]
[Site "La Habana CUB"]
[Date "2007.05.21"]
[Round "4.28"]
[White "Perez Mitjans, Orelvis"]
[Black "Marrero Lopez, Yaniet"]
[Result "1-0"]
[WhiteElo "2433"]
[BlackElo "2290"]
[PlyCount "61"]
[EventDate "2007.05.18"]
[EventType "swiss"]
[EventRounds "9"]
[EventCountry "CUB"]
[Source "lmi"]
[SourceDate "2007.05.18"]

1. e4 e5 2. Nc3 Nf6 3. f4 d5 4. fxe5 Nxe4 5. Qf3 Nxc3 6. dxc3 Qh4+ 7. g3 Qe4+
8. Qxe4 dxe4 9. Bg2 Bf5 10. Bf4 Nd7 11. Ne2 Nc5 12. O-O Bg6 13. Rae1 O-O-O 14.
c4 Ne6 15. Be3 Be7 16. a3 Rhe8 17. Nc3 Nd4 18. Bxd4 Rxd4 19. Bxe4 Rxc4 20. Bd5
Rg4 21. Bxf7 Bxf7 22. Rxf7 Bc5+ 23. Kg2 Bd4 24. Nd5 Bxb2 25. Rxc7+ Kd8 26. e6
Bxa3 27. Rxb7 Rc4 28. Rxa7 Rxc2+ 29. Kh3 Bf8 30. e7+ Bxe7 31. Nxe7 1-0

[Event "42. Torneo Capablanca In Memoriam-Open"]
[Site "La Habana CUB"]
[Date "2007.05.21"]
[Round "4.29"]
[White "Duarte, Leonardo"]
[Black "Ramon Pita, Vivian"]
[Result "1/2-1/2"]
[WhiteElo "2420"]
[BlackElo "2259"]
[PlyCount "101"]
[EventDate "2007.05.18"]
[EventType "swiss"]
[EventRounds "9"]
[EventCountry "CUB"]
[Source "lmi"]
[SourceDate "2007.05.18"]

1. e4 e5 2. Nf3 Nc6 3. d4 exd4 4. Nxd4 Nf6 5. Nxc6 bxc6 6. e5 Qe7 7. Qe2 Nd5 8.
c4 Nb6 9. Nc3 a5 10. Bd2 a4 11. O-O-O Ba6 12. Qe4 g6 13. f4 Bg7 14. Bd3 O-O 15.
Rhe1 f5 16. Qe2 Rfe8 17. g4 fxg4 18. f5 gxf5 19. Bxf5 Nxc4 20. Qxg4 Nxe5 21.
Qh5 Qf6 22. Bxh7+ Kf8 23. Rg1 Re6 24. Rg5 Nf7 25. Rf5 Re5 26. Bf4 Rxf5 27. Qxf5
Qxf5 28. Bxf5 d6 29. a3 Bc4 30. h4 Bb3 31. Rf1 Ra5 32. Bg6 Kg8 33. h5 Ne5 34.
Bb1 Nf7 35. Bg6 Nh8 36. Be8 Rf5 37. Kd2 Nf7 38. Bd7 Rxh5 39. Bxc6 Rc5 40. Be4
Ng5 41. Bc2 Bxc2 42. Kxc2 Rf5 43. Ne2 Ne6 44. Rf2 Nd4+ 45. Nxd4 Bxd4 46. Rg2+
Kf7 47. Rg4 c5 48. Bxd6 Rf2+ 49. Kd3 Rxb2 50. Kc4 Rb3 51. Bxc5 1/2-1/2

[Event "42. Torneo Capablanca In Memoriam-Open"]
[Site "La Habana CUB"]
[Date "2007.05.21"]
[Round "4.30"]
[White "Hernandez, Ramon"]
[Black "Fernandez, Alexey"]
[Result "1-0"]
[WhiteElo "2252"]
[BlackElo "2414"]
[PlyCount "80"]
[EventDate "2007.05.18"]
[EventType "swiss"]
[EventRounds "9"]
[EventCountry "CUB"]
[Source "lmi"]
[SourceDate "2007.05.18"]

1. e4 d6 2. d4 g6 3. Nc3 Bg7 4. f4 Nd7 5. Nf3 a6 6. a4 c5 7. d5 Qc7 8. Bd3 Nh6
9. Qe2 c4 10. Bxc4 Nb6 11. Nd2 Bg4 12. Qd3 Rc8 13. Bb3 Qc5 14. a5 Na8 15. Nc4
b5 16. axb6 Nxb6 17. Nxb6 Qxb6 18. Rxa6 Qb8 19. O-O O-O 20. f5 gxf5 21. exf5
Kh8 22. Ra4 Rg8 23. h3 Bxf5 24. Rxf5 Nxf5 25. Qxf5 Be5 26. Bf4 Qb6+ 27. Kh1 Bf6
28. Ne4 Qb5 29. Bg3 Bxb2 30. Ng5 Rxg5 31. Qxg5 Rg8 32. Qe3 f5 33. c4 Qb7 34.
Be1 e5 35. Ra7 Qb8 36. Bf2 Rg6 37. Qf3 Rf6 38. Qh5 Qg8 39. Bh4 Rf8 40. Qh6 e4
1-0

[Event "42. Torneo Capablanca In Memoriam-Open"]
[Site "La Habana CUB"]
[Date "2007.05.21"]
[Round "4.31"]
[White "Llaudy Pupo, Lisandra"]
[Black "Ortiz Suarez, Isam"]
[Result "0-1"]
[WhiteElo "2245"]
[BlackElo "2387"]
[PlyCount "75"]
[EventDate "2007.05.18"]
[EventType "swiss"]
[EventRounds "9"]
[EventCountry "CUB"]
[Source "lmi"]
[SourceDate "2007.05.18"]

1. e4 c5 2. Nf3 e6 3. d3 Nc6 4. g3 g6 5. d4 cxd4 6. Nxd4 d6 7. Bg2 a6 8. O-O
Nge7 9. c4 Bg7 10. Be3 O-O 11. Nc3 Qc7 12. Rc1 Bd7 13. b3 Rac8 14. Nde2 Rfd8
15. f4 f5 16. Na4 b5 17. Bb6 Qb8 18. Bxd8 Nxd8 19. cxb5 Rxc1 20. Qxc1 axb5 21.
Nac3 b4 22. Na4 Qa7+ 23. Kh1 fxe4 24. Bxe4 Nf5 25. Qd2 Ne3 26. Rc1 Ng4 27. Qc2
Qe3 28. Rf1 Nf2+ 29. Rxf2 Qxf2 30. h4 Bb5 31. Ng1 Qxg3 32. Qh2 Qe3 33. Bf3 Bh6
34. f5 Bf4 35. Qg2 exf5 36. Bd5+ Kg7 37. Nb2 Qe1 38. Qh3 0-1

[Event "42. Torneo Capablanca In Memoriam-Open"]
[Site "La Habana CUB"]
[Date "2007.05.21"]
[Round "4.32"]
[White "Vigoa Apecheche, Yanira"]
[Black "Espinosa, Ermes"]
[Result "1-0"]
[WhiteElo "2217"]
[BlackElo "2380"]
[PlyCount "70"]
[EventDate "2007.05.18"]
[EventType "swiss"]
[EventRounds "9"]
[EventCountry "CUB"]
[Source "lmi"]
[SourceDate "2007.05.18"]

1. d4 Nf6 2. Nf3 g6 3. c4 Bg7 4. Nc3 d6 5. e4 O-O 6. h3 Na6 7. Bg5 Qe8 8. Bd3
e5 9. d5 Nh5 10. g4 Nf4 11. Bxf4 exf4 12. O-O Nc5 13. Re1 Nd7 14. Rc1 Ne5 15.
Bf1 Qe7 16. Nxe5 Bxe5 17. Bg2 Kg7 18. Rc2 Rh8 19. Qd3 h5 20. f3 Bd7 21. Kf1 Qh4
22. Rf2 Raf8 23. Ke2 c5 24. dxc6 bxc6 25. Kf1 Be6 26. b3 c5 27. Nb5 a6 28. Nc7
Bd4 29. Rd2 Qg3 30. Qe2 hxg4 31. fxg4 Rxh3 32. Rxd4 cxd4 33. Qd2 f3 34. Qxd4+
Kg8 35. Bxh3 Bxg4 1-0

[Event "42. Torneo Capablanca In Memoriam-Open"]
[Site "La Habana CUB"]
[Date "2007.05.21"]
[Round "4.33"]
[White "Corrales Jimenez, Zenia"]
[Black "Morales, Pedro"]
[Result "0-1"]
[WhiteElo "2185"]
[BlackElo "2340"]
[PlyCount "62"]
[EventDate "2007.05.18"]
[EventType "swiss"]
[EventRounds "9"]
[EventCountry "CUB"]
[Source "lmi"]
[SourceDate "2007.05.18"]

1. e4 c5 2. Nf3 d6 3. d4 cxd4 4. Nxd4 Nf6 5. Nc3 g6 6. f3 Bg7 7. Be3 Nc6 8. Qd2
O-O 9. O-O-O d5 10. Nxc6 bxc6 11. Bh6 Bxh6 12. Qxh6 e5 13. Qg5 Qd6 14. Bc4 Bb7
15. f4 Rfe8 16. Rhf1 Kg7 17. exd5 cxd5 18. f5 Rac8 19. Bxd5 Nxd5 20. f6+ Kh8
21. Qh6 Rg8 22. Rf3 Rxc3 23. bxc3 Qa3+ 24. Kd2 Nf4 25. Rg3 Qd6+ 26. Ke1 Qxf6
27. Qg5 Qe6 28. Rd2 f6 29. Qh6 Bd5 30. c4 Bxc4 31. Re3 Qb6 0-1

[Event "42. Torneo Capablanca In Memoriam-Open"]
[Site "La Habana CUB"]
[Date "2007.05.21"]
[Round "4.34"]
[White "Diaz Hernandez, Heriberto"]
[Black "Arribas Robaina, Maritza"]
[Result "0-1"]
[WhiteElo "2167"]
[BlackElo "2335"]
[PlyCount "72"]
[EventDate "2007.05.18"]
[EventType "swiss"]
[EventRounds "9"]
[EventCountry "CUB"]
[Source "lmi"]
[SourceDate "2007.05.18"]

1. e4 e6 2. d4 d5 3. Nc3 Bb4 4. e5 c5 5. a3 Bxc3+ 6. bxc3 Qc7 7. Qg4 f5 8. Qg3
Qf7 9. dxc5 Ne7 10. Be3 O-O 11. f4 Nec6 12. Nf3 Nd7 13. c4 d4 14. Nxd4 Ndxe5
15. fxe5 f4 16. Qf2 fxe3 17. Qxf7+ Rxf7 18. Nxc6 bxc6 19. O-O-O Ba6 20. Rd6 Rb8
21. Rxe6 Rxf1+ 22. Rxf1 Bxc4 23. Re1 Bxe6 24. Rxe3 Rd8 25. Re4 Kf7 26. Rh4 h6
27. Ra4 Rd7 28. g3 Bd5 29. Rd4 Ke6 30. Kd2 Kxe5 31. Ke3 Rf7 32. Ra4 g5 33. c3
h5 34. Ke2 g4 35. h3 gxh3 36. Rh4 Bf3+ 0-1

[Event "42. Torneo Capablanca In Memoriam-Open"]
[Site "La Habana CUB"]
[Date "2007.05.21"]
[Round "4.35"]
[White "Naranjo, Sebastian"]
[Black "Piña Vega, Sulennis"]
[Result "1-0"]
[WhiteElo "2039"]
[BlackElo "2322"]
[PlyCount "51"]
[EventDate "2007.05.18"]
[EventType "swiss"]
[EventRounds "9"]
[EventCountry "CUB"]
[Source "lmi"]
[SourceDate "2007.05.18"]

1. e4 c5 2. Nf3 d6 3. d4 cxd4 4. Nxd4 Nf6 5. Nc3 Nc6 6. Bg5 e6 7. Qd2 a6 8.
O-O-O h6 9. Nxc6 bxc6 10. Bf4 d5 11. Qe3 Be7 12. Be2 Bb7 13. h4 Qa5 14. Qg3
O-O-O 15. exd5 cxd5 16. Rd4 Nd7 17. a3 Bf6 18. Ra4 Qb6 19. Rb4 Qa5 20. Ra4 Qb6
21. Rb4 Qa5 22. Na4 Be7 23. Qc3+ Nc5 24. Rxb7 Qxa4 25. Rc7+ Kb8 26. Qb4+ 1-0

[Event "42. Torneo Capablanca In Memoriam-Open"]
[Site "La Habana CUB"]
[Date "2007.05.21"]
[Round "4.36"]
[White "Jimenez, Pedro A"]
[Black "Linares Napoles, Oleiny"]
[Result "1-0"]
[WhiteElo "2292"]
[BlackElo "2241"]
[PlyCount "65"]
[EventDate "2007.05.18"]
[EventType "swiss"]
[EventRounds "9"]
[EventCountry "CUB"]
[Source "lmi"]
[SourceDate "2007.05.18"]

1. e4 e5 2. Nf3 d6 3. d4 Nf6 4. Nc3 Nbd7 5. Bc4 Be7 6. O-O O-O 7. dxe5 dxe5 8.
Qe2 c6 9. a4 a5 10. Bg5 Qc7 11. Nh4 Nc5 12. Kh1 Ng4 13. f4 exf4 14. Bxf4 Bd6
15. Bxd6 Qxd6 16. Nf3 Qh6 17. Rae1 Be6 18. e5 b6 19. Bxe6 fxe6 20. h3 Nd7 21.
Kg1 Rxf3 22. Rxf3 Ngxe5 23. Re3 Ng6 24. Qc4 Rf8 25. Qxe6+ Rf7 26. Rf1 Nf6 27.
Rd3 Nf8 28. Qxc6 Qh4 29. Qxb6 h6 30. Qb3 Qh5 31. Nd5 Kh7 32. Nxf6+ gxf6 33. Rf5
1-0

[Event "42. Torneo Capablanca In Memoriam-Open"]
[Site "La Habana CUB"]
[Date "2007.05.21"]
[Round "4.37"]
[White "Fleitas Marti, Yuleikis"]
[Black "Siebrecht, Sebastian"]
[Result "1/2-1/2"]
[WhiteElo "2165"]
[BlackElo "2464"]
[PlyCount "68"]
[EventDate "2007.05.18"]
[EventType "swiss"]
[EventRounds "9"]
[EventCountry "CUB"]
[Source "lmi"]
[SourceDate "2007.05.18"]

1. e4 g6 2. d4 Bg7 3. Nc3 d6 4. Nf3 a6 5. Be2 Nd7 6. O-O c5 7. Re1 cxd4 8. Nxd4
Ngf6 9. Bf1 O-O 10. Bg5 Re8 11. Qd2 Nc5 12. Rad1 b5 13. b4 Ncd7 14. Nd5 Bb7 15.
Nb3 Rc8 16. Na5 Bxd5 17. exd5 Nb6 18. Bxf6 Bxf6 19. Re4 Na4 20. Rde1 Bc3 21.
Qh6 Bxe1 22. Rh4 Bc3 23. Qxh7+ Kf8 24. Bd3 e5 25. Qh6+ Ke7 26. Bxg6 Kd7 27.
Bf5+ Kc7 28. Nc6 Rh8 29. Qg7 Qf8 30. Rxh8 Qxg7 31. Rxc8+ Kb6 32. Rb8+ Kc7 33.
Rc8+ Kb6 34. Rb8+ Kc7 1/2-1/2

[Event "42. Torneo Capablanca In Memoriam-Open"]
[Site "La Habana CUB"]
[Date "2007.05.21"]
[Round "4.38"]
[White "Cardenas Ballester, Maidelin"]
[Black "Ibarra Chami, Luis"]
[Result "0-1"]
[WhiteElo "2098"]
[BlackElo "2325"]
[PlyCount "68"]
[EventDate "2007.05.18"]
[EventType "swiss"]
[EventRounds "9"]
[EventCountry "CUB"]
[Source "lmi"]
[SourceDate "2007.05.18"]

1. e4 d5 2. exd5 Qxd5 3. Nc3 Qa5 4. d4 c6 5. Nf3 Bf5 6. Bd3 e6 7. O-O Nd7 8.
Bf4 Ngf6 9. h3 h6 10. a3 Bxd3 11. Qxd3 Be7 12. Ne2 O-O 13. b4 Qd8 14. c4 a5 15.
bxa5 Rxa5 16. Rfb1 b6 17. Rb3 Qa8 18. Nc3 Bxa3 19. Rab1 Qc8 20. Ne4 Be7 21. Ne5
Nxe5 22. Nxf6+ Bxf6 23. dxe5 Bxe5 24. Bxe5 Rxe5 25. Rxb6 Qc7 26. Rb7 Qa5 27.
Kh2 Rf5 28. Kg1 Qe5 29. Rd7 Ra8 30. Rd1 Ra2 31. Rf1 g6 32. Rd8+ Kg7 33. Rc8 Qf6
34. f3 Qb2 0-1

[Event "42. Torneo Capablanca In Memoriam-Open"]
[Site "La Habana CUB"]
[Date "2007.05.21"]
[Round "4.39"]
[White "Garcia Pantoja, Roberto"]
[Black "Perez Rodriguez, Jennifer"]
[Result "1-0"]
[WhiteElo "2230"]
[BlackElo "2194"]
[PlyCount "89"]
[EventDate "2007.05.18"]
[EventType "swiss"]
[EventRounds "9"]
[EventCountry "CUB"]
[Source "lmi"]
[SourceDate "2007.05.18"]

1. e4 e5 2. Nf3 Nc6 3. Bb5 a6 4. Ba4 Nf6 5. O-O Nxe4 6. d4 b5 7. Bb3 d5 8. dxe5
Be6 9. Nbd2 Be7 10. c3 O-O 11. Bc2 f5 12. Nd4 Nxd4 13. cxd4 Nxd2 14. Bxd2 c5
15. dxc5 Bxc5 16. Bb3 Qb6 17. Qf3 Rad8 18. Rac1 Bd4 19. Bc3 b4 20. Bxd4 Qxd4
21. Rfe1 Rfe8 22. Rc6 a5 23. Qe2 Rc8 24. Qa6 Ra8 25. Rxe6 Rxa6 26. Rxe8+ Kf7
27. Rd8 Ke7 28. Rxd5 Qxb2 29. e6 Qc3 30. Rd7+ Ke8 31. Kf1 Qc6 32. Rxg7 Qb5+ 33.
Kg1 a4 34. e7 axb3 35. Rg8+ Kf7 36. Rf8+ Kg7 37. e8=Q Qxe8 38. Rfxe8 bxa2 39.
Ra1 b3 40. Rb8 Ra3 41. Kf1 Kf6 42. Ke2 Ke5 43. Kd2 Kd4 44. Kc1 Kc3 45. Rc8+ 1-0

[Event "42. Torneo Capablanca In Memoriam-Open"]
[Site "La Habana CUB"]
[Date "2007.05.21"]
[Round "4.40"]
[White "Altamirano Gonzalez, Yehudi"]
[Black "Infante, Brian"]
[Result "1-0"]
[WhiteElo "2138"]
[BlackElo "2114"]
[PlyCount "105"]
[EventDate "2007.05.18"]
[EventType "swiss"]
[EventRounds "9"]
[EventCountry "CUB"]
[Source "lmi"]
[SourceDate "2007.05.18"]

1. e4 e5 2. Nf3 Nc6 3. Bb5 a6 4. Ba4 Nf6 5. O-O Be7 6. Re1 b5 7. Bb3 d6 8. c3
O-O 9. h3 Na5 10. Bc2 c5 11. d3 Qc7 12. Nbd2 Nc6 13. Nf1 d5 14. Ng3 dxe4 15.
dxe4 Be6 16. Nf5 Rfd8 17. Nxe7+ Nxe7 18. Qe2 Bc4 19. Qe3 Ng6 20. b3 Be6 21. Ng5
Bc8 22. Ba3 b4 23. Bb2 Nh5 24. Red1 Rxd1+ 25. Rxd1 f6 26. Qe2 fxg5 27. Qxh5 g4
28. Qg5 Be6 29. hxg4 Rf8 30. g3 Qf7 31. Qe3 Bxg4 32. Rd6 Qc7 33. Qd2 Rf6 34.
Qd5+ Kh8 35. Rd8+ Nf8 36. cxb4 Be6 37. Rxf8+ Rxf8 38. Qxe6 cxb4 39. Qxe5 Qf7
40. Bd4 Rc8 41. Bd3 Re8 42. Qc5 Qd7 43. Bc4 Qg4 44. Bd5 Rc8 45. Qxb4 h5 46. Qd2
Kh7 47. Qf4 Qh3 48. Qg5 Rc7 49. Bg8+ Kh8 50. Bc4 Kh7 51. Be5 Rd7 52. Bf1 Qe6
53. Qxh5+ 1-0

[Event "42. Torneo Capablanca In Memoriam-Open"]
[Site "La Habana CUB"]
[Date "2007.05.21"]
[Round "4.41"]
[White "Beltre, Pedro"]
[Black "Frometa Castillo, Zirka"]
[Result "1-0"]
[WhiteElo "1966"]
[BlackElo "2164"]
[PlyCount "117"]
[EventDate "2007.05.18"]
[EventType "swiss"]
[EventRounds "9"]
[EventCountry "CUB"]
[Source "lmi"]
[SourceDate "2007.05.18"]

1. e4 c6 2. d4 d5 3. Nd2 dxe4 4. Nxe4 Nf6 5. Ng3 g6 6. Nf3 Bg4 7. c3 Bg7 8. h3
Bxf3 9. Qxf3 Nbd7 10. Bc4 O-O 11. O-O e5 12. Be3 Qc7 13. Bb3 exd4 14. cxd4 Nb6
15. Bf4 Qd7 16. Be5 Nbd5 17. Rac1 Rad8 18. Rfe1 Rfe8 19. Nf1 Nh5 20. a3 Bh6 21.
Rcd1 Nhf4 22. Ne3 Nxe3 23. fxe3 Nh5 24. g4 Ng7 25. Bf6 Ne6 26. Bxd8 Qxd8 27.
Rf1 Qc7 28. h4 Nd8 29. g5 Bg7 30. e4 Qe7 31. e5 h5 32. gxh6 Bxh6 33. Qf6 Qxf6
34. Rxf6 Be3+ 35. Kg2 c5 36. dxc5 Bxc5 37. Rd7 Kg7 38. Bxf7 Nxf7 39. Rdxf7+ Kh6
40. Rxb7 Rxe5 41. Rff7 Kh5 42. Rh7+ Kg4 43. Rb5 Re2+ 44. Kf1 Rf2+ 45. Ke1 Rf5
46. Ke2 Rf2+ 47. Kd3 Rf3+ 48. Ke2 Rf2+ 49. Kd3 Rf3+ 50. Ke4 Re3+ 51. Kd5 Be7
52. Kc6 Re4 53. Rh6 Bxh4 54. Rxg6+ Kh3 55. Rb4 Rxb4 56. axb4 Bd8 57. Kb7 Be7
58. b5 Bc5 59. Ra6 1-0

[Event "42. Torneo Capablanca In Memoriam-Open"]
[Site "La Habana CUB"]
[Date "2007.05.21"]
[Round "4.42"]
[White "Moya Hernandez, Yuleisys"]
[Black "Valdes, Alejandro"]
[Result "1/2-1/2"]
[WhiteElo "2115"]
[BlackElo "2121"]
[PlyCount "80"]
[EventDate "2007.05.18"]
[EventType "swiss"]
[EventRounds "9"]
[EventCountry "CUB"]
[Source "lmi"]
[SourceDate "2007.05.18"]

1. c4 c5 2. Nc3 Nc6 3. g3 g6 4. Bg2 Bg7 5. d3 d6 6. e3 e5 7. Nge2 Nge7 8. O-O
Be6 9. e4 O-O 10. f4 f5 11. Nd5 Rb8 12. Nec3 Nd4 13. fxe5 dxe5 14. Bg5 Ndc6 15.
Nxe7+ Nxe7 16. Nd5 Bxd5 17. cxd5 Bf6 18. Be3 Qd6 19. Rc1 b6 20. Qa4 Rf7 21. Qb3
Rbf8 22. Bh6 Bg7 23. Bxg7 Kxg7 24. Rc2 Nc8 25. Rcf2 Qe7 26. Qc3 Nd6 27. a4 Kg8
28. b3 Re8 29. Qc1 Kg7 30. Qe3 Ref8 31. Qc1 Rf6 32. Qc3 h5 33. h4 fxe4 34. Rxf6
Rxf6 35. dxe4 Rxf1+ 36. Kxf1 g5 37. hxg5 Qxg5 38. Kf2 Kg6 39. Qe3 h4 40. gxh4
Qxh4+ 1/2-1/2

[Event "42. Torneo Capablanca In Memoriam-Open"]
[Site "La Habana CUB"]
[Date "2007.05.22"]
[Round "5.1"]
[White "Hernandez Carmenates, Holden"]
[Black "Mateo, Ramon"]
[Result "1/2-1/2"]
[WhiteElo "2541"]
[BlackElo "2448"]
[PlyCount "134"]
[EventDate "2007.05.18"]
[EventType "swiss"]
[EventRounds "9"]
[EventCountry "CUB"]
[Source "lmi"]
[SourceDate "2007.05.18"]

1. d4 Nf6 2. c4 e6 3. Nf3 b6 4. Nc3 Bb4 5. Bg5 h6 6. Bh4 Bb7 7. Qb3 c5 8. a3
Ba5 9. dxc5 Bxf3 10. gxf3 Nc6 11. cxb6 Qxb6 12. Qxb6 Bxc3+ 13. bxc3 axb6 14.
Bg3 Ke7 15. O-O-O Ne8 16. Kb2 Na5 17. e4 Nb7 18. Rd2 Nc5 19. Bd3 Nd6 20. Be2
Ndb7 21. Rg1 Ra5 22. Rdd1 Rha8 23. Ra1 g5 24. h4 e5 25. Rgd1 d6 26. Rdb1 Nd8
27. hxg5 hxg5 28. Bf1 Nde6 29. Bh3 Ra4 30. Bf1 Nd8 31. Kc2 Rxa3 32. Rxa3 Rxa3
33. Rxb6 Rxc3+ 34. Kxc3 Na4+ 35. Kb4 Nxb6 36. c5 Nd7 37. cxd6+ Kxd6 38. Bh3
Nc6+ 39. Kc4 Nc5 40. Bg4 f6 41. Bh3 Nd4 42. Bg4 Ncb3 43. Kd3 Kc5 44. Kc3 Na5
45. Kd3 Nac6 46. Kc3 Nb5+ 47. Kd3 Nb4+ 48. Ke3 Nd4 49. Kd2 Kc4 50. Bh5 Nb3+ 51.
Ke2 Kd4 52. Bf7 Nc1+ 53. Kf1 Nc2 54. Bh5 Kd3 55. Kg2 Ne2 56. Kh3 Ncd4 57. Kg4
Kd2 58. Bf7 Nf4 59. Bc4 Ke1 60. Ba6 Ng6 61. Kh5 Nh4 62. Kh6 Ndxf3 63. Bc8 Ke2
64. Kg7 Kd3 65. Bf5 Nxf5+ 66. exf5 Ke4 67. Kxf6 Nd4 1/2-1/2

[Event "42. Torneo Capablanca In Memoriam-Open"]
[Site "La Habana CUB"]
[Date "2007.05.22"]
[Round "5.2"]
[White "De La Paz Perdomo, Frank"]
[Black "Pozo Vera, Sandro"]
[Result "0-1"]
[WhiteElo "2474"]
[BlackElo "2448"]
[PlyCount "63"]
[EventDate "2007.05.18"]
[EventType "swiss"]
[EventRounds "9"]
[EventCountry "CUB"]
[Source "lmi"]
[SourceDate "2007.05.18"]

1. e4 e6 2. d4 d5 3. Nd2 Nf6 4. e5 Nfd7 5. c3 c5 6. Bd3 Nc6 7. Ne2 cxd4 8. cxd4
f6 9. exf6 Nxf6 10. Nf3 Bd6 11. O-O O-O 12. Bg5 Qb6 13. Nc3 Kh8 14. Na4 Qc7 15.
Rc1 Ng4 16. h3 Nh2 17. Nh4 Qf7 18. Re1 Qxf2+ 19. Kh1 Qg3 20. Qh5 Qxd3 21. Red1
Qg3 22. Ng6+ Kg8 23. Nxf8 Nf3 24. Qxh7+ Kxf8 25. Qh8+ Kf7 26. Qh5+ Kg8 27. Qe8+
Bf8 28. gxf3 Qxh3+ 29. Kg1 Qg3+ 30. Kf1 Qxf3+ 31. Ke1 Qg3+ 32. Kf1 0-1

[Event "42. Torneo Capablanca In Memoriam-Open"]
[Site "La Habana CUB"]
[Date "2007.05.22"]
[Round "5.3"]
[White "Horvath, Csaba"]
[Black "Gongora Reyes, Maikel"]
[Result "1-0"]
[WhiteElo "2538"]
[BlackElo "2422"]
[PlyCount "107"]
[EventDate "2007.05.18"]
[EventType "swiss"]
[EventRounds "9"]
[EventCountry "CUB"]
[Source "lmi"]
[SourceDate "2007.05.18"]

1. d4 Nf6 2. c4 e6 3. Nf3 b6 4. g3 Ba6 5. b3 Bb4+ 6. Bd2 Be7 7. Bg2 c6 8. O-O
O-O 9. Qc2 d5 10. Rd1 Nbd7 11. Bf4 Rc8 12. Nc3 Nh5 13. Bc1 f5 14. Bb2 Bd6 15.
e3 Qe7 16. a4 Nhf6 17. a5 b5 18. c5 Bb8 19. Na2 Rc7 20. Nb4 Bc8 21. Ne5 Nxe5
22. dxe5 Nd7 23. Bd4 a6 24. Nd3 g5 25. Qe2 Ba7 26. Rac1 Nb8 27. g4 Qd8 28. h3
Rg7 29. Ra1 Qe8 30. Kf1 Bd7 31. Ke1 Qe7 32. Kd2 Be8 33. f4 Bg6 34. gxf5 Bxf5
35. e4 dxe4 36. Bxe4 Rd8 37. Kc3 gxf4 38. Bxf5 exf5 39. e6 b4+ 40. Nxb4 Rg3+
41. Kb2 Rxd4 42. Rxd4 Bxc5 43. Nc2 Bxd4+ 44. Nxd4 Qb4 45. Rd1 Re3 46. Qh5 Qc3+
47. Ka2 Qxa5+ 48. Kb1 Qd8 49. Nxf5 Rxb3+ 50. Kc2 Rb2+ 51. Kxb2 Qb6+ 52. Kc1
Qc5+ 53. Kd2 Qd5+ 54. Kc1 1-0

[Event "42. Torneo Capablanca In Memoriam-Open"]
[Site "La Habana CUB"]
[Date "2007.05.22"]
[Round "5.4"]
[White "Guerra Mendez, Jose Angel"]
[Black "Almeida Quintana, Omar"]
[Result "1/2-1/2"]
[WhiteElo "2399"]
[BlackElo "2488"]
[PlyCount "81"]
[EventDate "2007.05.18"]
[EventType "swiss"]
[EventRounds "9"]
[EventCountry "CUB"]
[Source "lmi"]
[SourceDate "2007.05.18"]

1. e4 c5 2. Nf3 Nc6 3. d4 cxd4 4. Nxd4 Nf6 5. Nc3 d6 6. g3 g6 7. Nde2 b6 8. Bg2
Bb7 9. O-O Bg7 10. h3 O-O 11. g4 Rc8 12. a3 Nd7 13. Rb1 Ba6 14. Re1 Na5 15. Nd5
Nf6 16. b3 e6 17. Nb4 Bb7 18. Ng3 Qc7 19. c4 Rfd8 20. Bb2 Nc6 21. Qe2 Ne8 22.
Red1 Ne7 23. Rbc1 Bh6 24. Rc3 a5 25. Na2 Nc6 26. a4 Qe7 27. Ba3 e5 28. Qf1 Nd4
29. Ne2 Ne6 30. Rcd3 Qh4 31. Nac3 Bc6 32. Qe1 Nc5 33. Bxc5 dxc5 34. Rxd8 Rxd8
35. Rxd8 Qxd8 36. Nd5 Ng7 37. Qc3 f6 38. h4 Ne6 39. Qd3 Kg7 40. Bh3 Qd7 41.
Nec3 1/2-1/2